| 000 | 00560nam a2200181 4500 | ||
|---|---|---|---|
| 001 | 118862 | ||
| 003 | ES-MaACL | ||
| 005 | 20230906191209.0 | ||
| 007 | t| | ||
| 008 | 070214s1968 sp r ||||1| spa d | ||
| 100 | 1 |
_aPetterssen, Sverre. _991565 |
|
| 245 | 1 | 0 |
_aIntroducción a la Meteorología / _cSverre Petterssen ; traducción de José Francisco Datas Prieto. |
| 250 | _a4ª. ed. | ||
| 260 |
_aMadrid : _bEspasa-Calpe, _c1968. |
||
| 300 |
_a429 p. ; _c20 cm. |
||
| 700 | 1 |
_aDatas Prieto, José Francisco. _942787 |
|
| 852 |
_aES-MaACL _jG-8408 _bR.66287 |
||
| 999 |
_c118862 _d118862 |
||